000 00740nam a2200217 a 4500
001 BRCA_3799
005 20190320204429.0
008 221109s1891----fr-a######---#000-0#fre-#
041 _afre
044 _afr
050 4 _aF1208
_b.R68 1891
100 1 _aRoutier, Gaston.
_99903
245 1 0 _aLe Mexique
_blimites geographiques, Orographie, Hidrographie, L´ Agriculture, la Flore, la Fauna et les Mines L´ industrie et le Commerce
_cGaston Routier ; avecune préface de Ignacio Altamirano.
260 _aParís
_bH. Le Soudier
_c1891
300 _a110 p.
_bil. , 1 mapa plegable
_c20 cm.
500 _aB159
651 4 _aMéxico
_vDescripción y viajes.
_99904
700 1 _aAltamirano, Ignacio.
_99905
902 _aGFM
942 _2lcc
_cB
999 _c3528
_d3528